¡Forme el equipo! : herramientas listas para el desarrollo de equipos /

שמור ב:
מידע ביבליוגרפי
מחבר ראשי: Smith, Steve (autor)
פורמט: ספר
שפה:ספרדית
יצא לאור: México : Granica, 2000, c2000
נושאים:
תגים: הוספת תג
אין תגיות, היה/י הראשונ/ה לתייג את הרשומה!

MARC

LEADER 00000nam^a2200000^a^4500
001 000158858
005 20250521000000.0
009 20260310100627.594
020 |a 968-5015-10-4 
037 |a Acervo ITESO - Biblioteca 
041 |a ESP 
082 |a 658. 3128  |b SMI 
100 |a Smith, Steve  |e (autor) 
245 1 0 |a ¡Forme el equipo! :  |b herramientas listas para el desarrollo de equipos /  |c S. Smith ; tr. por Rosa Evelia Solórzano. 
264 4 |a México :  |b Granica,  |c 2000, c2000 
300 |a 129 p. 
336 |a texto  |b txt  |2 rdacontenido 
337 |a sin mediación  |b n  |2 rdamedio 
338 |a volumen  |b nc  |2 rdasoporte 
500 |a Traducción de: Build that Team! 
649 |a XX 
650 |a Trabajo en Equipo 
650 |a Evaluación del Desempeño 
650 |a Recursos Humanos 
650 |a Administración de Proyectos 
650 |a Liderazgo 
650 |a Proceso Administrativo 
650 |a Empresas -  |x Administración 
650 |a Ciencias Administrativas 
910 |a Fondo General 
920 |a Impresos - Libros 
930 |a Colección General 
905 |a 101 
901 |a 0500090127  |b IT1  |c ACC  |u 20250521 
902 |a https://opac.biblio.iteso.mx/vufind/Record/000158858